Εγχειρίδιο εμπορικού δικαίου
Saved in:
| Main Author: | |
|---|---|
| Format: | Book |
| Language: | Greek |
| Published: |
Αθήνα :
Σάκκουλας,
1995
|
| Edition: | 2η έκδ. |
| Subjects: | |
| Tags: |
Add Tag
No Tags, Be the first to tag this record!
|
MARC
| LEADER | 00000cam a2200000 i 4500 | ||
|---|---|---|---|
| 001 | 1/22475 | ||
| 008 | 060123s1995 gre d | ||
| 035 | |l 10082152 | ||
| 040 | |a GR-MY-UA |b |e aacr | ||
| 041 | 0 | |a gre | |
| 082 | 0 | |a 346.07 | |
| 100 | 1 | |a Γεωργακόπουλος, Λεωνίδας Ν. | |
| 245 | 1 | 0 | |a Εγχειρίδιο εμπορικού δικαίου / |c Λεωνίδα Ν. Γεωργακόπουλου |
| 250 | |a 2η έκδ. | ||
| 260 | |a Αθήνα : |b Σάκκουλας, |c 1995 | ||
| 500 | |a τ.1: Οι έμποροι. τχ.1: γενικό μέρος | ||
| 500 | |a Εμπορικές πράξεις, έμποροι, προσωπική κατάσταση του εμπόρου, βιομηχανική ιδιοκτησία, αθέμιτος και ελεύθερος ανταγωνισμός, δίκαιο της αγοράς, εμπορική επιχείρηση | ||
| 650 | 0 | 0 | |a Commercial law |z Greece. |
| 650 | 0 | 0 | |a Negotiable instruments. |
| 650 | 0 | 0 | |a Bankruptcy. |
| 650 | 0 | 0 | |a Corporation law. |
| 852 | |a INST |b CHIOS |e 20060123 |h 346.07 ΓΕΩ |p 005200024125 |q 005200024125 |t BK |y 0 | ||
| 852 | |a INST |b CHIOS |e 20060123 |h 346.07 ΓΕΩ |p 005200024126 |q 005200024126 |t BK |y 0 | ||